00582nam a22001337a 4500003000400000005001700004008004100021020002200062040004700084100019900131245003800330264005900368300002100427OSt20260304092149.0260224b ||||| |||| 00| 0 eng d a978-629-94399-1-2 bMalcJabatan Mineral dan Geosains Malaysia aP.Geol.Abdul Hadi b Abdul Rahman,P.Geol.Mahat b Hj Sibon,P.Geol.Zaki b Alias,P.Geol.Khairul Nazri b Hj Yaakub,P.Geol Fakhruddin Afif b Fauzi,PGeol.Ledyhernando Taniou,P.Geol.Arda Anasha bt Jamil aKompendium Unsur Nadir Bumi (REE) aPutrajayabJabatan Mineral dan Geosains Malaysiac2025 aill95p .:15.21cm